000 00561nmm a2200193Ia 4500
008 251105s9999||||xx |||||||||||||||||und||
020 _a9788416440658
041 _aspa
100 _aPostel, Alexandre
245 0 _aLa ascendencia
264 _a[Madrid, España] :
_bNordica Libros,
_c[Fecha de publicación no identificada]
300 _a0 páginas
490 _aOtras Latitudes
650 _aFrench narrative
700 _aPostel, Alexandre
700 1 _a G. Marcos, Delfin
856 _uhttps://public.digitaliapublishing.com/a/98193
942 _cCF
999 _c70134
_d70134